000 01149cam a2200265I 4500
001 castupbysea00bake
003 CaSfIA
005 20210117222921.0
007 cr||||
008 750523nuuuuuuuunyu 000 1 eng d
040 _aASC
_cASC
_dOCLCQ
_dOCLCG
_dCaSfIA
035 _a(OCoLC)1352713
090 _aPZ3.B175
_bC
100 1 _aBaker, Samuel White,
_cSir,
_d1821-1893.
245 1 0 _aCast up by the sea,
_h[electronic resource]
_cby Samuel W. Baker.
250 _aComplete.
260 _aNew York,
_bW.L. Allison
_c[n.d.]
300 _a309 p.
_c20 cm.
490 0 _aFireside series
856 4 1 _uhttp://www.archive.org/details/castupbysea00bake
_zFree eBook from the Internet Archive
856 4 2 _uhttp://www.openlibrary.org/books/OL24445701M
_zAdditional information and access via Open Library
942 _cEB
506 _fНеобхідна авторизація на https://archive.org/ (створення облікового запису безкоштовно)
506 _fНеобхідна авторизація на https://openlibrary.org/ (створення облікового запису безкоштовно)
999 _c478844
_d478844